000 02605cam a2200265 a 4500
001 11873071
005 20260309093626.0
008 991220s2000 mau b 001 0 eng
010 _a 99086569
020 _a0674001648
_qcloth : alk. paper
020 _a9780674001640
_q(cloth : alk. paper)
035 _a11873071
040 _aDLC
_cDLC
_dDLC
041 _aEnglish
043 _an-us---
050 0 0 _aNX705.5.U6
_bC38 2000
100 _aCaves, Richard E.
_926847
245 1 0 _aCreative industries
_b: contracts between art and commerce
_c/ Richard E. Caves.
260 _aCambridge, Mass. ;
_aLondon :
_bHarvard University Press,
_c2000.
300 _aix, 454 p. ;
_c25 cm.
504 _aIncludes bibliographical references (p. 371-447) and index.
520 _aThis book explores the organization of creative industries, including the visual and performing arts, movies, theater, sound recordings, and book publishing. In each, artistic inputs are combined with other, "humdrum" inputs. But the deals that bring these inputs together are inherently problematic: artists have strong views; the muse whispers erratically; and consumer approval remains highly uncertain until all costs have been incurred. To assemble, distribute, and store creative products, business firms are organized, some employing creative personnel on long-term contracts, others dealing with them as outside contractors; agents emerge as intermediaries, negotiating contracts and matching creative talents with employers. Firms in creative industries are either small-scale pickers that concentrate on the selection and development of new creative talents or large-scale promoters that undertake the packaging and widespread distribution of established creative goods. In some activities, such as the performing arts, creative ventures facing high fixed costs turn to nonprofit firms. To explain the logic of these arrangements, the author draws on the analytical resources of industrial economics and the theory of contracts. He addresses the winner-take-all character of many creative activities that brings wealth and renown to some artists while dooming others to frustration; why the "option" form of contract is so prevalent; and why even savvy producers get sucked into making "ten-ton turkeys," such as Heaven's Gate. However different their superficial organization and aesthetic properties, whether high or low in cultural ranking, creative industries share the same underlying organizational logic.
650 0 _aArts - Economic aspects - United States- History 20th century.
_926848
942 _2lcc
999 _c5399
_d5399